000 00808cam a22002292 4500
001 0000003608
005 20151021151102.0
008 070510s xx 000 0 eng d
020 _a403905843 :
_cKES 2,700
040 _aKABU
_cKABU
050 0 _aLB2369
_b.D86
100 1 _aDunleavy, Patrick.
_@0000153640
245 1 0 _aAuthoring a PhD. :
_bhow to plan, draft, write and finish a doctoral thesis or dissertation.
260 _aHoundsmills, Basingstoke :
_bPalgrave Macmillan,
_c2003.
300 _a297 p.
504 _aIncludes bibliographical references and index.
650 0 _aDissertations, Academic
_xAuthorship.
_@0000153641
650 0 _aAcademic writing
_vHandbooks, manuals etc.
_@0000153642
908 _a070510
950 _@1
999 _c501
_d501